| 000 | 01024nam a22002537a 4500 | ||
|---|---|---|---|
| 005 | 20170124103049.0 | ||
| 010 | _aA-697119 | ||
| 020 | _c50.00 | ||
| 035 | _aA-697119 | ||
| 037 | _bCen Lib/Ret | ||
| 040 |
_aDPL _bHN |
||
| 082 |
_aक _bसक्सेना |
||
| 100 |
_aसक्सेना, पुष्पा _969960 |
||
| 245 |
_aसूर्यास्त के बाद / _cपुष्पा सक्सेना |
||
| 246 |
_aSuryast ke bad / _bby Pushpa Saxena |
||
| 260 |
_aदिल्ली _bयात्री प्रकाशन _c1994 |
||
| 270 |
_aबी-131, सादतपुर _bदिल्ली _e110094 |
||
| 300 |
_a125पृ. _c17सेमी (सजिल्द) |
||
| 650 |
_a हिन्दी साहित्य _969961 |
||
| 650 |
_a हिन्दी साहित्य --लघु कथाएँ _954925 |
||
| 650 |
_aHindi literature _969962 |
||
| 650 |
_aHindi literature --Short Stories _969963 |
||
| 942 |
_2ddc _cHN _hक _mसक्सेना |
||
| 999 |
_c117082 _d117082 |
||